| 000 | 01139nam a2200289 a 4500 | ||
|---|---|---|---|
| 999 |
_c12066 _d12066 |
||
| 001 | 12066 | ||
| 003 | BD-JhCC | ||
| 005 | 20210310121225.0 | ||
| 008 | 210310b20002019bg a|||| ||a| 001 0 Mul d | ||
| 020 | _a9848485302 | ||
| 035 | _a(BD-JhCC)12066 | ||
| 040 |
_aBD-JhCC _dBD-JhCC |
||
| 041 | _amul | ||
| 082 |
_a005.133 _bNIT 2019 |
||
| 100 | _a নিটন, মোঃ কামরুজ্জামান | ||
| 245 |
_aঅবজেক্ট ওরিয়েন্টেড প্রোগ্রামিং এবং C++ / _c মোঃ কামরুজ্জামান নিটন, সৈয়দ রকিবুল হাসান |
||
| 260 |
_aঢাকা : _bজ্ঞানকোষ প্রকাশনী; _c২০১৯. |
||
| 300 |
_a447 p, : _bill _c24 cm. |
||
| 650 | _aObject-oriented programming (Computer science) | ||
| 650 | _aSoftware engineering | ||
| 650 | _aComputer programming | ||
| 650 | _aSoftware engineering | ||
| 700 | _a নিটন, মোঃ কামরুজ্জামান | ||
| 700 | _aহাসান, সৈয়দ রকিবুল | ||
| 942 |
_2ddc _cBK |
||